Sports Quiz

Random Sports Quiz

Can you name the TNA pay-per-view matches in 2006 pt 1 Quiz Stats

 Plays Quiz not verified by Sporcle

Score 0/269 Timer 20:00
0 Plays Today
PPV Wrestler % Correct
Final Resolution 2006AJ Styles
97.2%
Final Resolution 2006Abyss
97.2%
Final Resolution 2006Samoa Joe
97.2%
Final Resolution 2006Jeff Jarrett
97.2%
Against All Odds 2006Abyss
97.2%
Against All Odds 2006Samoa Joe
97.2%
Against All Odds 2006AJ Styles
97.2%
Against All Odds 2006Jeff Jarrett
97.2%
Destination X 2006Jeff Jarrett
97.2%
Destination X 2006Abyss
97.2%
Destination X 2006AJ Styles
97.2%
Destination X 2006Samoa Joe
97.2%
Lockdown 2006 (All Matches inside Steel Cage)Senshi
97.2%
Lockdown 2006 (All Matches inside Steel Cage)Samoa Joe
97.2%
Lockdown 2006 (All Matches inside Steel Cage)Abyss
97.2%
Lockdown 2006 (All Matches inside Steel Cage)AJ Styles
97.2%
Lockdown 2006 (All Matches inside Steel Cage)Jeff Jarrett
97.2%
Sacrifice 2006AJ Styles
97.2%
Sacrifice 2006Samoa Joe
97.2%
Sacrifice 2006Jeff Jarrett
97.2%
Sacrifice 2006Abyss
97.2%
Slammiversary 2006Senshi
97.2%
Slammiversary 2006AJ Styles
97.2%
Slammiversary 2006Samoa Joe
97.2%
Slammiversary 2006Jeff Jarrett
97.2%
Slammiversary 2006Abyss
97.2%
Victory Road 2006Senshi
97.2%
Victory Road 2006Abyss
97.2%
Victory Road 2006AJ Styles
97.2%
Victory Road 2006Samoa Joe
97.2%
Hard Justice 2006Abyss
97.2%
Hard Justice 2006Samoa Joe
97.2%
Hard Justice 2006Senshi
97.2%
Hard Justice 2006AJ Styles
97.2%
Hard Justice 2006Jeff Jarrett
97.2%
No Surrender 2006Senshi
97.2%
No Surrender 2006Abyss
97.2%
No Surrender 2006AJ Styles
97.2%
No Surrender 2006Samoa Joe
97.2%
No Surrender 2006Jeff Jarrett
97.2%
Final Resolution 2006James Storm
94.4%
Final Resolution 2006Alex Shelley
94.4%
Final Resolution 2006Chris Sabin
94.4%
Final Resolution 2006Chris Harris
94.4%
Final Resolution 2006Sting
94.4%
Against All Odds 2006Alex Shelley
94.4%
Against All Odds 2006Homicide
94.4%
Against All Odds 2006Chris Harris
94.4%
Against All Odds 2006James Storm
94.4%
Against All Odds 2006Chris Sabin
94.4%
Against All Odds 2006Eric Young
94.4%
Destination X 2006Alex Shelley
94.4%
Destination X 2006Eric Young
94.4%
Destination X 2006Homicide
94.4%
Destination X 2006Chris Sabin
94.4%
Destination X 2006Chris Harris
94.4%
Destination X 2006James Storm
94.4%
Lockdown 2006 (All Matches inside Steel Cage)Alex Shelley
94.4%
Lockdown 2006 (All Matches inside Steel Cage)Chris Sabin
94.4%
Lockdown 2006 (All Matches inside Steel Cage)Eric Young
94.4%
Lockdown 2006 (All Matches inside Steel Cage)Sting
94.4%
Lockdown 2006 (All Matches inside Steel Cage)Chris Harris
94.4%
Lockdown 2006 (All Matches inside Steel Cage)James Storm
94.4%
Sacrifice 2006Chris Harris
94.4%
Sacrifice 2006James Storm
94.4%
Sacrifice 2006Chris Sabin
94.4%
Sacrifice 2006Eric Young
94.4%
Sacrifice 2006Alex Shelley
94.4%
Sacrifice 2006Sting
94.4%
Slammiversary 2006Alex Shelley
94.4%
Slammiversary 2006Chris Sabin
94.4%
Slammiversary 2006Chris Harris
94.4%
Slammiversary 2006James Storm
94.4%
Slammiversary 2006Sting
94.4%
Victory Road 2006Homicide
94.4%
Victory Road 2006Chris Sabin
94.4%
Victory Road 2006Alex Shelley
94.4%
Victory Road 2006Chris Harris
94.4%
Victory Road 2006James Storm
94.4%
Victory Road 2006Sting
94.4%
Hard Justice 2006Eric Young
94.4%
Hard Justice 2006Chris Sabin
94.4%
Hard Justice 2006Alex Shelley
94.4%
Hard Justice 2006Homicide
94.4%
Hard Justice 2006Hernandez
94.4%
Hard Justice 2006Sting
94.4%
No Surrender 2006Chris Harris
94.4%
No Surrender 2006James Storm
94.4%
No Surrender 2006Alex Shelley
94.4%
No Surrender 2006Chris Sabin
94.4%
PPV Wrestler % Correct
No Surrender 2006Eric Young
94.4%
No Surrender 2006Homicide
94.4%
No Surrender 2006Hernandez
94.4%
Final Resolution 2006Raven
91.7%
Final Resolution 2006Bobby Roode
91.7%
Final Resolution 2006Rhino
91.7%
Final Resolution 2006Christopher Daniels
91.7%
Final Resolution 2006Christian Cage
91.7%
Against All Odds 2006Rhino
91.7%
Against All Odds 2006Christopher Daniels
91.7%
Against All Odds 2006Bobby Roode
91.7%
Against All Odds 2006Christian Cage
91.7%
Destination X 2006Bobby Roode
91.7%
Destination X 2006Rhino
91.7%
Destination X 2006Christopher Daniels
91.7%
Destination X 2006Christian Cage
91.7%
Lockdown 2006 (All Matches inside Steel Cage)Christopher Daniels
91.7%
Lockdown 2006 (All Matches inside Steel Cage)Bobby Roode
91.7%
Lockdown 2006 (All Matches inside Steel Cage)Christian Cage
91.7%
Lockdown 2006 (All Matches inside Steel Cage)Rhino
91.7%
Lockdown 2006 (All Matches inside Steel Cage)Scott Steiner
91.7%
Sacrifice 2006Christopher Daniels
91.7%
Sacrifice 2006Raven
91.7%
Sacrifice 2006Bobby Roode
91.7%
Sacrifice 2006Rhino
91.7%
Sacrifice 2006Scott Steiner
91.7%
Sacrifice 2006Christian Cage
91.7%
Slammiversary 2006Rhino
91.7%
Slammiversary 2006Bobby Roode
91.7%
Slammiversary 2006Christopher Daniels
91.7%
Slammiversary 2006Scott Steiner
91.7%
Slammiversary 2006Christian Cage
91.7%
Victory Road 2006Rhino
91.7%
Victory Road 2006Raven
91.7%
Victory Road 2006Christopher Daniels
91.7%
Victory Road 2006Scott Steiner
91.7%
Victory Road 2006Christian Cage
91.7%
Hard Justice 2006Rhino
91.7%
Hard Justice 2006Christopher Daniels
91.7%
No Surrender 2006Christian Cage
91.7%
No Surrender 2006Raven
91.7%
No Surrender 2006Rhino
91.7%
No Surrender 2006Christopher Daniels
91.7%
Final Resolution 2006BG James
88.9%
Final Resolution 2006Kip James
88.9%
Final Resolution 2006David Young
88.9%
Final Resolution 2006Ron Killings
88.9%
Final Resolution 2006Brother Ray
88.9%
Final Resolution 2006Brother Devon
88.9%
Against All Odds 2006Jay Lethal
88.9%
Against All Odds 2006BG James
88.9%
Against All Odds 2006Kip James
88.9%
Against All Odds 2006Brother Ray
88.9%
Against All Odds 2006Brother Devon
88.9%
Destination X 2006Jay Lethal
88.9%
Destination X 2006BG James
88.9%
Destination X 2006Kip James
88.9%
Destination X 2006Ron Killings
88.9%
Destination X 2006Brother Ray
88.9%
Destination X 2006Brother Devon
88.9%
Lockdown 2006 (All Matches inside Steel Cage)Jay Lethal
88.9%
Lockdown 2006 (All Matches inside Steel Cage)Brother Ray
88.9%
Lockdown 2006 (All Matches inside Steel Cage)Brother Devon
88.9%
Lockdown 2006 (All Matches inside Steel Cage)Ron Killings
88.9%
Sacrifice 2006BG James
88.9%
Sacrifice 2006Kip James
88.9%
Sacrifice 2006Brother Ray
88.9%
Sacrifice 2006Brother Devon
88.9%
Sacrifice 2006Jay Lethal
88.9%
Slammiversary 2006Brother Ray
88.9%
Slammiversary 2006Brother Devon
88.9%
Slammiversary 2006BG James
88.9%
Slammiversary 2006Kip James
88.9%
Slammiversary 2006Jay Lethal
88.9%
Slammiversary 2006Ron Killings
88.9%
Victory Road 2006David Young
88.9%
Victory Road 2006Ron Killings
88.9%
Victory Road 2006Jay Lethal
88.9%
Victory Road 2006BG James
88.9%
Victory Road 2006Kip James
88.9%
Victory Road 2006Brother Ray
88.9%
Victory Road 2006Brother Devon
88.9%
Hard Justice 2006Jay Lethal
88.9%
No Surrender 2006BG James
88.9%
No Surrender 2006Kip James
88.9%
No Surrender 2006David Young
88.9%
No Surrender 2006Ron Killings
88.9%
No Surrender 2006Jay Lethal
88.9%
Final Resolution 2006Sonjay Dutt
86.1%
Final Resolution 2006Elix Skipper
86.1%
PPV Wrestler % Correct
Final Resolution 2006Monty Brown
86.1%
Against All Odds 2006Sonjay Dutt
86.1%
Destination X 2006Sonjay Dutt
86.1%
Destination X 2006Monty Brown
86.1%
Lockdown 2006 (All Matches inside Steel Cage)Sonjay Dutt
86.1%
Lockdown 2006 (All Matches inside Steel Cage)Elix Skipper
86.1%
Sacrifice 2006Sonjay Dutt
86.1%
Slammiversary 2006Sonjay Dutt
86.1%
Victory Road 2006Elix Skipper
86.1%
Victory Road 2006Monty Brown
86.1%
Victory Road 2006Sonjay Dutt
86.1%
Victory Road 2006Kazarian
86.1%
Hard Justice 2006Monty Brown
86.1%
No Surrender 2006Elix Skipper
86.1%
No Surrender 2006Kazarian
86.1%
Against All Odds 2006Petey Williams
83.3%
Destination X 2006Petey Williams
83.3%
Lockdown 2006 (All Matches inside Steel Cage)Petey Williams
83.3%
Lockdown 2006 (All Matches inside Steel Cage)Shark Boy
83.3%
Sacrifice 2006Petey Williams
83.3%
Sacrifice 2006Petey Williams
83.3%
Slammiversary 2006Petey Williams
83.3%
Slammiversary 2006Shark Boy
83.3%
Hard Justice 2006Petey Williams
83.3%
No Surrender 2006Shark Boy
83.3%
No Surrender 2006Petey Williams
83.3%
Final Resolution 2006Matt Bentley
80.6%
Against All Odds 2006Matt Bentley
80.6%
Destination X 2006Matt Bentley
80.6%
Destination X 2006Konnan
80.6%
Lockdown 2006 (All Matches inside Steel Cage)Konnan
80.6%
No Surrender 2006Maverick Matt
80.6%
Lockdown 2006 (All Matches inside Steel Cage)Brother Runt
77.8%
Slammiversary 2006Kevin Nash
77.8%
Victory Road 2006Kevin Nash
77.8%
Victory Road 2006Brother Runt
77.8%
Lockdown 2006 (All Matches inside Steel Cage)A-1
75%
Sacrifice 2006A-1
75%
No Surrender 2006A-1
75%
Against All Odds 2006Chase Stevens
72.2%
Against All Odds 2006Andy Douglas
72.2%
Destination X 2006Chase Stevens
72.2%
Destination X 2006Andy Douglas
72.2%
Victory Road 2006Chase Stevens
72.2%
Victory Road 2006Andy Douglas
72.2%
Victory Road 2006Gail Kim
72.2%
Hard Justice 2006Brother Runt
72.2%
Hard Justice 2006Gail Kim
72.2%
No Surrender 2006Chase Stevens
72.2%
No Surrender 2006Andy Douglas
72.2%
No Surrender 2006Brother Runt
72.2%
Lockdown 2006 (All Matches inside Steel Cage)Chase Stevens
69.4%
Lockdown 2006 (All Matches inside Steel Cage)Sabu
69.4%
Sacrifice 2006Johnny Devine
69.4%
Hard Justice 2006Johnny Devine
69.4%
No Surrender 2006Johnny Devine
69.4%
Final Resolution 2006Sean Waltman
66.7%
Destination X 2006Lance Hoyt
66.7%
No Surrender 2006Lance Hoyt
66.7%
Final Resolution 2006Austin Aries
63.9%
Against All Odds 2006Austin Aries
63.9%
Against All Odds 2006Machete
63.9%
Destination X 2006Bob Armstrong
63.9%
Destination X 2006Machete
63.9%
Lockdown 2006 (All Matches inside Steel Cage)Bob Armstrong
63.9%
Final Resolution 2006Roderick Strong
55.6%
Against All Odds 2006Roderick Strong
55.6%
Sacrifice 2006Jushin Liger
52.8%
Sacrifice 2006Jushin Liger
52.8%
Victory Road 2006Sirelda
52.8%
Hard Justice 2006Sirelda
52.8%
Final Resolution 2006Hiroshi Tanahashi
50%
Slammiversary 2006Scott D'Amore
50%
Victory Road 2006Larry Zbyszko
50%
Destination X 2006Puma
44.4%
Lockdown 2006 (All Matches inside Steel Cage)Puma
44.4%
Sacrifice 2006Puma
44.4%
Sacrifice 2006Shocker
36.1%
Sacrifice 2006Tyson Dux
36.1%
Lockdown 2006 (All Matches inside Steel Cage)Black Tiger
33.3%
Sacrifice 2006Black Tiger
33.3%
Lockdown 2006 (All Matches inside Steel Cage)Hirooki Goto
30.6%
Sacrifice 2006Hirooki Goto
30.6%
Sacrifice 2006Incognito
27.8%
No Surrender 2006Norman Smiley
25%
Sacrifice 2006Magno
22.2%
Lockdown 2006 (All Matches inside Steel Cage)Minoru
19.4%
Sacrifice 2006Minoru
19.4%
Victory Road 2006Hernandez.LAX
5.6%

You're not logged in!

Compare scores with friends on all Sporcle quizzes.
OR
Log In

Show Comments

Extras

Top Quizzes Today


Score Distribution

Your Account Isn't Verified!

In order to create a playlist on Sporcle, you need to verify the email address you used during registration. Go to your Sporcle Settings to finish the process.

Report this User

Report this user for behavior that violates our Community Guidelines.

Details: